000 00829cab a2200241 4500
001 ABS57766
008 090401t1997 xxu||||| |||| 00| 0 eng d
035 _a(Sirsi) u81410
041 _aeng
100 _aBruce, A
245 _aNuisance and the common landlord
260 _c1997
350 _a0
490 _aSolicitors` Journal
_v141(37) 3 October 1997, 922-923(2)
520 _aExamines the decision in "Chartered Trust plc v Davies" CA 31 July 1997 regarding `derogation from grant` in the instance where a common landlord fails to prevent a tenant from causing a nuisance to another tenant.
650 _aCHARTERED TRUST PLC V DAVIES
650 _aDEROGATION FROM GRANT
650 _aLANDLORDS OBLIGATIONS
650 _aNUISANCE
690 _aLandlord and tenant
_96252
942 _n0
948 _c13/10/1997
999 _c51283
_d51283